000 00433nam a22001457a 4500
082 _a624.154
_bMIT
_cL-16, P-67
100 _aMittal, Satyendra.
_923056
245 _aPile foundation design and construction /
_cSatyendra Mittal
250 _a1st edit.
260 _aDelhi :
_bCBS Publishera and Distributors,
_c1988.
300 _avii 88 p. :
526 _a0
_b0
_c0
_d624_154000000000000_MIT
650 _aMCE
_9379
942 _2ddc
_cBK
999 _c546510
_d546510